ბათუმის შოთა რუსთაველის სახელმწიფო უნივერსიტეტის ბიბლიოთეკა

EXCEL:Сборник готовых решений (ბიბ.ჩანაწერი № 51263)

000 -LEADER
fixed length control field 00821nam a2200253Ia 4500
001 - CONTROL NUMBER
control field 18225
003 - CONTROL NUMBER IDENTIFIER
control field GE_BSU
008 - FIXED-LENGTH DATA ELEMENTS--GENERAL INFORMATION
fixed length control field 181216s||||||||xx |||||||||||||| ||und||
020 ## - INTERNATIONAL STANDARD BOOK NUMBER
International Standard Book Number 9785519018371
040 ## - CATALOGING SOURCE
Transcribing agency GE_BSU
080 ## - UNIVERSAL DECIMAL CLASSIFICATION NUMBER
Universal Decimal Classification number 004
100 ## - MAIN ENTRY--PERSONAL NAME
Personal name Павлов, Николай Владимирович
245 ## - TITLE STATEMENT
Title EXCEL:Сборник готовых решений
245 ## - TITLE STATEMENT
Remainder of title Бери и пользуйся
260 ## - PUBLICATION, DISTRIBUTION, ETC.
Place of publication, distribution, etc. Москва
260 ## - PUBLICATION, DISTRIBUTION, ETC.
Name of publisher, distributor, etc. Печать цифровая
260 ## - PUBLICATION, DISTRIBUTION, ETC.
Date of publication, distribution, etc. 2014
300 ## - PHYSICAL DESCRIPTION
Extent 382стр,илл,28см
653 ## - INDEX TERM--UNCONTROLLED
Uncontrolled term EXCEL:Сборник готовых решений
653 ## - INDEX TERM--UNCONTROLLED
Uncontrolled term კომპიუტერული ტექნოლოგია.
653 ## - INDEX TERM--UNCONTROLLED
Uncontrolled term საინფორმაციო ტექნოლოგიები
942 ## - ADDED ENTRY ELEMENTS (KOHA)
Koha item type წიგნი
ეგზემპლარები
Withdrawn status Lost status Damaged status Not for loan Date acquired Barcode Date last seen Price effective from Koha item type
        2018-12-17 46429 2018-12-17 2018-12-17 წიგნი